MARC

Tag First Indicator Second Indicator Subfields
LEADER 00000nam a2200000Ia 4500
001 in00004334607
005 20200812093923.0
006 m g d
007 cr bn |||a|bb|
008 090108s1650 enki o 000 0 eng d
040 |a UMI  |c UMI  |e dcrb 
035 |a (OCoLC)297426101 
037 |a CL0037000130  |b ProQuest Information and Learning, 789 E. Eisenhower Parkway, Ann Arbor, MI 48108-3218 
043 |a e-uk-en  |a e-uk--- 
090 |a HD9901.7  |b .E54 1650 
049 |a UMIA 
110 1 |a England and Wales.  |b Parliament. 
245 1 3 |a An act for regulating the making of stuffs in Norfolk & Norwich. 
260 |a London :  |b Printed by Edward Husband and John Field, printers to the Parliament of England,  |c 1650. 
300 |a 1 online resource (2 sheets ([2] pages) :  |b coat of arms. 
336 |a text  |b txt  |2 rdacontent 
337 |a computer  |b c  |2 rdamedia 
338 |a online resource  |b cr  |2 rdacarrier 
500 |a Caption title. 
500 |a Imprint from colophon. 
500 |a Commonwealth coat of arms above caption title. 
500 |a Imperfect: broadside cropped and torn with loss of text. 
500 |a Reproduction of original in: Cambridge University Library. 
510 4 |a Wing (2nd edition)  |c E1059aA 
533 |a Electronic reproduction.  |b Ann Arbor, Mich. :  |c UMI,  |d 1999-  |f (Early English books online)  |n Digital version of: (Early English Books, 1641-1700 ; 2921:1)  |7 s1999 miun s 
650 0 |a Woolen goods industry  |z England  |z Norfolk  |v Early works to 1800. 
650 0 |a Woolen goods industry  |z England  |z Norwich  |v Early works to 1800. 
650 0 |a Woolen and worsted manufacture  |z England  |z Norfolk  |v Early works to 1800. 
650 0 |a Woolen and worsted manufacture  |z England  |z Norwich  |v Early works to 1800. 
651 0 |a Great Britain  |x Politics and government  |y 1642-1660  |v Early works to 1800. 
655 7 |a Broadsides  |z England  |y 17th century.  |2 rbgenr 
830 0 |a Early English books online. 
856 4 0 |u http://proxy.library.tamu.edu/login?url=https://search.proquest.com/docview/2248550809  |z Connect to the full text of this electronic book  |t 0 
994 |a 02  |b UMI 
999 f f |s 484e68bf-a10d-36f9-8b09-4b5659486684  |i 177c9510-aca8-39da-bcf0-99e741d3b74d  |t 0 
952 f f |a Texas A&M University  |b College Station  |c Electronic Resources  |d Available Online  |t 0  |e HD9901.7 .E54 1650  |h Library of Congress classification 
998 f f |a HD9901.7 .E54 1650  |t 0  |l Available Online